000
00316nam a22001337a 4500
008
180314b xxu||||| |||| 00| 0 eng d
020
_a
9780323019583
041
_a
eng
080
_a
616-053.2
100
_a
8
101
_a
PED
245
_a
Clinical manual of pediatric nursing
_c
Hockenberry,M.J
942
_2
udc
_c
BK
999
_c
44951
_d
44951